|
|
|
|
| LEADER |
00958nam a22002894a 4500 |
| 001 |
7587 |
| 003 |
BD-DhAAL |
| 005 |
20150513111435.0 |
| 008 |
150513s2008 nyua 001 0 eng d |
| 010 |
|
|
|a 2008300206
|
| 020 |
|
|
|a 9780756641320
|
| 020 |
|
|
|a 0756641322
|
| 040 |
|
|
|a BTCTA
|c BTCTA
|d BAKER
|d OCO
|d DLC
|d BD-DhAAL
|
| 050 |
0 |
0 |
|a QL668.E2
|b M296 2008
|
| 082 |
0 |
0 |
|a 597.8/9
|2 22
|
| 100 |
1 |
|
|a Marent, Thomas.
|9 10966
|
| 245 |
1 |
0 |
|a Frog /
|c Thomas Marent, with Tom Jackson.
|
| 260 |
|
|
|a New York, N.Y. :
|b DK,
|c c2008.
|
| 300 |
|
|
|a 280 p. :
|b col. ill. ;
|c 31 cm.
|
| 500 |
|
|
|a Includes index.
|
| 541 |
|
|
|e 7587
|
| 650 |
|
0 |
|a Frogs.
|9 10967
|
| 650 |
|
0 |
|a Frogs
|v Pictorial works.
|9 10968
|
| 700 |
1 |
|
|a Jackson, Tom,
|d 1953-
|9 10969
|
| 942 |
|
|
|2 ddc
|c BK
|
| 999 |
|
|
|c 34395
|d 34395
|
| 952 |
|
|
|0 0
|1 0
|2 ddc
|4 0
|6 597_890000000000000_MAR
|7 0
|9 53700
|a SCL
|b SCL
|c GEN
|d 2015-05-13
|e Gift: The Asia Foundation
|l 4
|m 6
|o 597.89 MAR
|p 3020007587
|r 2025-03-20
|s 2025-03-17
|t 1
|w 2015-05-13
|y BK
|